Jews, gentiles and the New Testament scriptures : (Record no. 31384)
[ view plain ]
| 000 -LEADER | |
|---|---|
| fixed length control field | 00650nam a2200169 4500 |
| 008 - FIXED-LENGTH DATA ELEMENTS--GENERAL INFORMATION | |
| fixed length control field | 080507s1985 is 000 0 eng d |
| 090 ## - LOCALLY ASSIGNED LC-TYPE CALL NUMBER (OCLC); LOCAL CALL NUMBER (OCLC) | |
| Classification number (OCLC) (R) ; Classification number, CALL (RLIN) (NR) | BS2417.J4 |
| Local cutter number (OCLC) ; Book number/undivided call number, CALL (RLIN) | B43j |
| 100 1# - MAIN ENTRY--PERSONAL NAME | |
| Personal name | Benhayim, Menahem |
| 245 10 - TITLE STATEMENT | |
| Title | Jews, gentiles and the New Testament scriptures : |
| Remainder of title | alleged anti-semitism in the New Testament / |
| Statement of responsibility, etc | by Menahem Benhayim. |
| 260 ## - PUBLICATION, DISTRIBUTION, ETC. (IMPRINT) | |
| Place of publication, distribution, etc | Jerusalem : |
| Name of publisher, distributor, etc | Yanetz, |
| Date of publication, distribution, etc | c1985. |
| 300 ## - PHYSICAL DESCRIPTION | |
| Extent | 74 p. ; |
| Dimensions | 22 cm. |
| 500 ## - GENERAL NOTE | |
| General note | Title on cover: Jews, gentiles and the New Testament. |
| 650 #4 - SUBJECT ADDED ENTRY--TOPICAL TERM | |
| Topical term or geographic name as entry element | Christianity and antisemitism. |
| 650 #4 - SUBJECT ADDED ENTRY--TOPICAL TERM | |
| Topical term or geographic name as entry element | Jews in the New Testament. |
| 951 ## - EQUIVALENCE OR CROSS-REFERENCE-GEOGRAPHIC NAME/AREA NAME [OBSOLETE] [CAN/MARC only] | |
| General subdivision | 00017130 |
| 951 ## - EQUIVALENCE OR CROSS-REFERENCE-GEOGRAPHIC NAME/AREA NAME [OBSOLETE] [CAN/MARC only] | |
| -- | 19222 |
| -- | BS2417.J4/B43j |
| -- | 080507142946484 |
| -- | 2000-12-21 |
| -- | GC |
| Withdrawn status | Lost status | Damaged status | Not for loan | Home library | Current library | Shelving location | Date acquired | Accession number | Shelving control number | Total Checkouts | Full call number | Barcode | Date last seen | Price effective from | Koha item type |
|---|---|---|---|---|---|---|---|---|---|---|---|---|---|---|---|
| BSOP Library | BSOP Library | GC | 12/21/2000 | 19222 | 127 | BS2417.J4/B43j | 00017130 | 02/23/2013 | 02/23/2013 | Books |
